000 02522nam a22002177a 4500
005 20220404152703.0
008 220330b ||||| |||| 00| 0 eng d
020 _a9789388022057
040 _cAL
041 _aeng
082 _223
_a540
_bDANH
100 _aNicholas Daniel A
_926570
245 _aHandbook of Elements
260 _aNew Delhi
_bIP Innovative Publication
_c2018
300 _a189p.
_bPB
_c28.5x20cm.
365 _2General
_aABD/0567/22
_b₹506.25
_c
_d₹675.00
_e25%
_f07/03/2022
520 _aInorganic chemistry is a core part of the chemistry curricula, though it is often felt to be a huge range of disparate facts that have little underlying organization or reasoning. The periodic table was developed in the latter part of the nineteenth century, providing an organizing structure which began to explain the underlying principles of inorganic chemistry. The handbook of elements a concise overview of the main principles and reactions of inorganic chemistry, carefully structured around the periodic table, for students studying chemistry and related courses at undergraduate level. Based on the highly successful and student friendly handbook approach the information is presented with tabulation, to facilitate the rapid assimilation, understanding and recall the critical concepts, facts and information. In writing this book, we have always kept in mind the needs of the students who will it. Students who are preparing for careers in the fields of applied science that require knowledge of chemistry that is broad but not necessarily as deep as that provided by the traditional sequence of courses for the basic sciences. We have organized the book so that earlier section of the book describes the basics of chemistry, all about periodic table. In the second section we provide the student with the skill and background needed to understand most of the knowledge known by the students. Each element included in this book has been discussed under physical and chemical properties, effects, pharmaceutical uses and necessities. Student's need of comprehensive and accessible overview of periodic table will find this book an ideal source of the information required. This book is written in a very simple and easy learning. The notes in this publication have been summarized as much as possible. Some of the notes are given in point forms; this has been like that done for you to easily understand very well.
650 _2Chemistry
700 _aMani, Jeyaraj
_926571
942 _2ddc
_cBK
999 _c222098
_d222098